[Event "Staufer op 34th"]
[Site "Schwaebisch Gmuend"]
[Date "2024.01.04"]
[Round "5"]
[White "Skembris, Spyridon"]
[Black "Neukirchner, Pascal"]
[Result "0-1"]
[WhiteElo "2353"]
[BlackElo "2263"]
[PlyCount "112"]
[EventDate "2024.01.02"]
[EventType "swiss"]
[EventRounds "9"]
[EventCountry "GER"]
[SourceTitle "CB02_2024"]
[SourceDate "2024.01.10"]
[SourceVersion "1"]
[SourceVersionDate "2024.01.10"]
[SourceQuality "1"]

1. c4 c5 2. Nf3 Nc6 3. Nc3 g6 4. g3 Bg7 5. Bg2 e5 6. 0-0 d6 7. d3 Nge7 8. Ne1 Be6 9. Nc2 d5 10. cxd5 Nxd5 11. Ne3 Nde7 12. Ne4 b6 13. Ng5 Bd7 14. Nd5 h6 15. Nxe7 Qxe7 16. Ne4 0-0 17. Bd2 Rac8 18. a3 Be6 19. Bc3 Rfd8 20. Qa4 Qd7 21. Rfd1 Nd4 22. Qxd7 Rxd7 23. Kf1 Bb3 24. Rdc1 Nc2 25. Rab1 Ba2 26. Bh3 f5 27. Nd2 Bxb1 28. Nxb1 Nd4 29. g4 Rf8 30. gxf5 gxf5 31. e4 Rd6 32. Bxd4 Rxd4 33. Bxf5 Rxd3 34. Ke2 Rfd8 35. Be6+ Kf8 36. f3 Bf6 37. Bd5 Bg5 38. Rg1 R8xd5 39. exd5 Rxd5 40. Rg4 Rd4 41. Rxd4 exd4 42. Kd3 Ke7 43. a4 Bc1 44. Kc2 Bf4 45. h3 Kf6 46. Na3 Kg5 47. Kd3 Kh4 48. Ke4 Bc1 49. Nb5 a6 50. Nd6 Kxh3 51. b3 h5 52. f4 Kg4 53. f5 h4 54. Nc4 h3 55. Ne5+ Kg3 56. Nf3 h2 0-1

[Event "Staufer op 34th"]
[Site "Schwaebisch Gmuend"]
[Date "2024.01.03"]
[Round "4"]
[White "Poysti, Nathanael Nicolai"]
[Black "Skembris, Spyridon"]
[Result "0-1"]
[WhiteElo "2163"]
[BlackElo "2353"]
[PlyCount "104"]
[EventDate "2024.01.02"]
[EventType "swiss"]
[EventRounds "9"]
[EventCountry "GER"]
[SourceTitle "CB02_2024"]
[SourceDate "2024.01.10"]
[SourceVersion "1"]
[SourceVersionDate "2024.01.10"]
[SourceQuality "1"]

1. c4 e5 2. Nc3 Nf6 3. Nf3 Nc6 4. e4 Bb4 5. d3 h6 6. g3 0-0 7. Bg2 d6 8. 0-0 Bxc3 9. bxc3 b6 10. Nh4 Bg4 11. f3 Bd7 12. Be3 Rb8 13. Rb1 Ne7 14. Qd2 Kh7 15. g4 g5 16. Nf5 Nfg8 17. h4 f6 18. h5 Bxf5 19. exf5 d5 20. Rfd1 Qd6 21. d4 dxc4 22. dxe5 Qxe5 23. f4 Qa5 24. Qd4 Qxa2 25. Ra1 Qb3 26. fxg5 Rbd8 27. g6+ Kg7 28. Qxd8 Rxd8 29. Rxd8 Qxc3 30. Bd4 Qg3 31. Rd7 a5 32. Bf2 Qxg4 33. Re1 Kf8 34. Re4 Qxf5 35. Rexe7 Nxe7 36. g7+ Kxg7 37. Rxe7+ Kf8 38. Rxc7 Qd3 39. Bf1 Qb1 40. Rxc4 b5 41. Rc5 b4 42. Rxa5 b3 43. Rb5 Qd1 44. Be3 Ke7 45. Bxh6 Qd4+ 46. Kg2 b2 47. Bd3 Qxd3 48. Rxb2 Qd5+ 49. Kg1 Qd1+ 50. Kg2 Qg4+ 51. Kh1 Qxh5+ 52. Rh2 Qg4 0-1

[Event "GRE-chT 50th"]
[Site "Nikaia"]
[Date "2023.08.26"]
[Round "3.2"]
[White "Skembris, Spyridon"]
[Black "Ladopoulos, Dimitrios"]
[Result "1/2-1/2"]
[WhiteElo "2375"]
[BlackElo "2382"]
[PlyCount "78"]
[EventDate "2023.08.25"]
[EventType "team"]
[EventRounds "9"]
[EventCountry "GRE"]
[SourceTitle "EXT 2024"]
[Source "ChessBase"]
[SourceDate "2023.10.10"]
[SourceVersion "1"]
[SourceVersionDate "2023.10.10"]
[SourceQuality "1"]
[WhiteTeam "Kerkeras"]
[BlackTeam "Ippotis Rodi"]
[WhiteTeamCountry "GRE"]
[BlackTeamCountry "GRE"]

1. d4 e6 2. Nf3 Nf6 3. Bg5 c5 4. c3 cxd4 5. cxd4 Qb6 6. Qc1 Nc6 7. Bxf6 gxf6 8. e3 d5 9. Be2 Bd7 10. 0-0 Rc8 11. Nc3 Bd6 12. Qd2 f5 13. Rfc1 Rg8 14. Na4 Qb4 15. Nc5 Qxd2 16. Nxd2 Rc7 17. Nxd7 Kxd7 18. Bb5 Rgc8 19. Nb3 a6 20. Bxc6+ Rxc6 21. Rxc6 Rxc6 22. g3 Rc2 23. Rb1 f6 24. Na1 Rc4 25. b3 Rc3 26. Kf1 e5 27. Ke2 f4 28. Rd1 fxe3 29. fxe3 Ke6 30. Kd2 Rc7 31. Nc2 h5 32. Rf1 Rg7 33. e4 dxe4 34. d5+ Kxd5 35. Rxf6 Bc5 36. Rh6 Rf7 37. Ne3+ Kd4 38. Nc2+ Kd5 39. Ne3+ Kd4 1/2-1/2

[Event "GRE-ch 71st"]
[Site "Athens"]
[Date "2022.12.06"]
[Round "4"]
[White "Skembris, Spyridon"]
[Black "Alexiadis, Hristos"]
[Result "1/2-1/2"]
[WhiteElo "2381"]
[BlackElo "2342"]
[PlyCount "74"]
[EventDate "2022.12.03"]
[EventType "tourn"]
[EventRounds "9"]
[EventCountry "GRE"]
[EventCategory "4"]
[SourceTitle "CBM 211 Extra"]
[Source "ChessBase"]
[SourceDate "2023.01.31"]
[SourceVersion "1"]
[SourceVersionDate "2023.01.31"]
[SourceQuality "1"]

1. c4 e5 2. g3 Nf6 3. Bg2 d5 4. cxd5 Nxd5 5. Nc3 Nb6 6. Nf3 Nc6 7. 0-0 Be7 8. a3 0-0 9. b4 Re8 10. d3 Bf8 11. Bb2 Bg4 12. h3 Be6 13. Rc1 a5 14. b5 Nd4 15. Nxd4 exd4 16. Na4 Bd5 17. Nxb6 cxb6 18. a4 Bc5 19. Bxd5 Qxd5 20. Rc4 Rad8 21. Kh2 Qe6 22. Re1 Qf5 23. Rf1 Re6 24. f4 Rh6 25. h4 Re6 26. Rf2 Qg4 27. Qf1 Rde8 28. Bxd4 Rxe2 29. Bxc5 bxc5 30. Rxc5 Re1 31. Qg2 h5 32. Re5 R8xe5 33. fxe5 Re3 34. d4 g5 35. Qh3 gxh4 36. Qxh4 Qxh4+ 37. gxh4 Re4 1/2-1/2

[Event "GRE-ch 71st"]
[Site "Athens"]
[Date "2022.12.05"]
[Round "3"]
[White "Mitsis, Georgios"]
[Black "Skembris, Spyridon"]
[Result "1-0"]
[WhiteElo "2365"]
[BlackElo "2381"]
[PlyCount "99"]
[EventDate "2022.12.03"]
[EventType "tourn"]
[EventRounds "9"]
[EventCountry "GRE"]
[EventCategory "4"]
[SourceTitle "CBM 211 Extra"]
[Source "ChessBase"]
[SourceDate "2023.01.31"]
[SourceVersion "1"]
[SourceVersionDate "2023.01.31"]
[SourceQuality "1"]

1. d4 d5 2. Nf3 Nf6 3. c4 c6 4. e3 g6 5. Nc3 Bg7 6. Be2 0-0 7. 0-0 Be6 8. b3 c5 9. dxc5 Ne4 10. Nxe4 Bxa1 11. Neg5 Bf6 12. Nxe6 fxe6 13. Nd4 dxc4 14. Bxc4 Kh8 15. Qg4 e5 16. Ne6 Qc8 17. Qe4 Re8 18. g4 Nd7 19. g5 Nxc5 20. Qh4 Nxe6 21. gxf6 exf6 22. Qxf6+ Ng7 23. Qh4 Qd8 24. Qg4 Qf6 25. Bb2 Qf5 26. Qg2 Re7 27. f4 e4 28. Bd4 b5 29. Be2 h5 30. Rc1 Kh7 31. Rc5 Qf7 32. Rxb5 Rc8 33. Bc4 Rxc4 34. bxc4 Qxc4 35. Rb8 Qc1+ 36. Qf1 Qc7 37. Qb1 Qd7 38. Qd1 Qh3 39. Qb3 Qg4+ 40. Kf2 Qf3+ 41. Ke1 Qh1+ 42. Kd2 Qxh2+ 43. Kc3 Rc7+ 44. Kb4 g5 45. Qg8+ Kg6 46. Bxg7 Rxg7 47. Qe6+ Kh7 48. Qf5+ Rg6 49. Rb7+ Kh8 50. Qf8+ 1-0

[Event "GRE-ch 71st"]
[Site "Athens"]
[Date "2022.12.04"]
[Round "2"]
[White "Skembris, Spyridon"]
[Black "Koutlas, Nikolaos"]
[Result "1/2-1/2"]
[WhiteElo "2381"]
[BlackElo "2267"]
[PlyCount "90"]
[EventDate "2022.12.03"]
[EventType "tourn"]
[EventRounds "9"]
[EventCountry "GRE"]
[EventCategory "4"]
[SourceTitle "CBM 211 Extra"]
[Source "ChessBase"]
[SourceDate "2023.01.31"]
[SourceVersion "1"]
[SourceVersionDate "2023.01.31"]
[SourceQuality "1"]

1. c4 e5 2. g3 h5 3. h4 Bc5 4. Nc3 Nc6 5. Bg2 d6 6. Na4 Bb6 7. Nf3 Bg4 8. d3 Ba5+ 9. Bd2 Bxd2+ 10. Qxd2 Nf6 11. Nc3 Qd7 12. Ng5 Nh7 13. 0-0-0 Nf8 14. f3 Bf5 15. e4 Be6 16. Rdf1 f6 17. Nxe6 Nxe6 18. Bh3 Ncd4 19. Kb1 0-0-0 20. Nb5 Nxb5 21. cxb5 Kb8 22. Rc1 Qe8 23. Bxe6 Qxe6 24. Qa5 Rd7 25. Rc3 d5 26. Rhc1 Qb6 27. Qxb6 axb6 28. Kc2 dxe4 29. fxe4 Rhd8 30. Rf1 Rd4 31. a3 Kc8 32. Rf5 Rh8 33. Kd2 Kd7 34. Ke3 c5 35. bxc6+ bxc6 36. Rf1 c5 37. Rfc1 Ke6 38. b4 cxb4 39. axb4 Rxb4 40. Rc7 Rd8 41. Rxg7 Rb3 42. Rc6+ Rd6 43. Rxd6+ Kxd6 44. Rh7 Rb2 45. Rxh5 Rg2 1/2-1/2

[Event "GRE-chT 49th"]
[Site "Thessaloniki"]
[Date "2022.08.15"]
[Round "5.7"]
[White "Banikas, Hristos"]
[Black "Skembris, Spyridon"]
[Result "1-0"]
[WhiteElo "2598"]
[BlackElo "2399"]
[PlyCount "79"]
[EventDate "2022.08.12"]
[EventType "team-swiss"]
[EventRounds "7"]
[EventCountry "GRE"]
[SourceTitle "CBM 209 Extra"]
[Source "ChessBase"]
[SourceDate "2022.09.30"]
[SourceVersion "1"]
[SourceVersionDate "2022.09.30"]
[SourceQuality "1"]
[WhiteTeam "Erakleioe Attikes"]
[BlackTeam "Kerkeras"]
[WhiteTeamCountry "GRE"]
[BlackTeamCountry "GRE"]

1. e4 c6 2. d4 d5 3. Nc3 dxe4 4. Nxe4 Bf5 5. Ng3 Bg6 6. h4 h6 7. Nf3 Nd7 8. h5 Bh7 9. Bd3 Bxd3 10. Qxd3 Ngf6 11. Bf4 Qa5+ 12. Bd2 Qc7 13. 0-0-0 e6 14. Ne4 0-0-0 15. g3 Nc5 16. Nxc5 Bxc5 17. c4 Bd6 18. Bc3 Rhe8 19. Kb1 Kb8 20. Qe2 Ka8 21. Ne5 c5 22. dxc5 Bxc5 23. g4 Bd6 24. f3 a6 25. Rd3 Bxe5 26. Bxe5 Qc5 27. Rhd1 Rxd3 28. Rxd3 Rc8 29. b3 b5 30. Rc3 bxc4 31. Rxc4 Qg1+ 32. Kb2 Rxc4 33. Qxc4 Qf2+ 34. Ka3 Qb6 35. Ka4 Kb7 36. Bxf6 gxf6 37. Qb4 e5 38. Qxb6+ Kxb6 39. b4 f5 40. gxf5 1-0

[Event "GRE-chT 49th"]
[Site "Thessaloniki"]
[Date "2022.08.13"]
[Round "3.6"]
[White "Skembris, Spyridon"]
[Black "Klekowski, Maciej"]
[Result "1/2-1/2"]
[WhiteElo "2399"]
[BlackElo "2483"]
[PlyCount "47"]
[EventDate "2022.08.12"]
[EventType "team-swiss"]
[EventRounds "7"]
[EventCountry "GRE"]
[SourceTitle "CBM 209 Extra"]
[Source "ChessBase"]
[SourceDate "2022.09.30"]
[SourceVersion "1"]
[SourceVersionDate "2022.09.30"]
[SourceQuality "1"]
[WhiteTeam "Kerkeras"]
[BlackTeam "Panionios YS"]
[WhiteTeamCountry "GRE"]
[BlackTeamCountry "GRE"]

1. d4 Nf6 2. c4 e6 3. Nf3 b6 4. g3 Ba6 5. Qa4 Bb7 6. Bg2 c5 7. dxc5 Bxc5 8. Nc3 Ne4 9. Nxe4 Bxe4 10. 0-0 Nc6 11. Bd2 a5 12. Bc3 0-0 13. Rad1 Qc8 14. Ne5 Bxg2 15. Kxg2 Rd8 16. Nxc6 Qxc6+ 17. Qxc6 dxc6 18. a4 f6 19. f4 Kf7 20. Kf3 Bb4 21. Bd4 Bc5 22. Bc3 Bb4 23. Bd4 Bc5 24. Bc3 1/2-1/2

[Event "Thessaloniki op 1st"]
[Site "Thessaloniki"]
[Date "2022.08.10"]
[Round "9"]
[White "Skembris, Spyridon"]
[Black "Koukouves, Vlasios"]
[Result "1-0"]
[WhiteElo "2399"]
[BlackElo "1779"]
[PlyCount "53"]
[EventDate "2022.08.03"]
[EventType "swiss"]
[EventRounds "9"]
[EventCountry "GRE"]
[SourceTitle "CBM 209 Extra"]
[Source "ChessBase"]
[SourceDate "2022.09.30"]
[SourceVersion "1"]
[SourceVersionDate "2022.09.30"]
[SourceQuality "1"]

1. d4 d5 2. c4 e6 3. Nc3 Nf6 4. Nf3 c6 5. e3 Be7 6. Qc2 0-0 7. b3 b6 8. Bb2 Bb7 9. Rd1 Nbd7 10. Bd3 h6 11. 0-0 Rc8 12. Qe2 Qc7 13. Ne5 Nxe5 14. dxe5 dxc4 15. exf6 cxd3 16. Qg4 Bxf6 17. Nd5 exd5 18. Bxf6 g6 19. Qh4 Kh7 20. Rxd3 Ba6 21. Rd4 g5 22. Bxg5 Qd6 23. Be7 Qe6 24. Bxf8 Bxf1 25. Bxh6 Qxh6 26. Kxf1 Qxh4 27. Rxh4+ 1-0

[Event "Thessaloniki op 1st"]
[Site "Thessaloniki"]
[Date "2022.08.06"]
[Round "5"]
[White "Skembris, Spyridon"]
[Black "Triantafilidis, Mihail"]
[Result "1/2-1/2"]
[WhiteElo "2399"]
[BlackElo "1991"]
[PlyCount "177"]
[EventDate "2022.08.03"]
[EventType "swiss"]
[EventRounds "9"]
[EventCountry "GRE"]
[SourceTitle "CBM 209 Extra"]
[Source "ChessBase"]
[SourceDate "2022.09.30"]
[SourceVersion "1"]
[SourceVersionDate "2022.09.30"]
[SourceQuality "1"]

1. d4 Nf6 2. c4 e5 3. dxe5 Ng4 4. Nf3 Bc5 5. e3 Nc6 6. Be2 0-0 7. 0-0 Ngxe5 8. Nc3 Nxf3+ 9. Bxf3 Ne5 10. Be2 Re8 11. b3 a5 12. Bb2 Ra6 13. Ne4 Ba7 14. Bd4 Qh4 15. Ng3 Rh6 16. h3 d6 17. Bxa7 Bxh3 18. gxh3 Qxh3 19. Bh5 g6 20. Bd4 gxh5 21. Bxe5 Rxe5 22. Qf3 h4 23. Qg2 Qc8 24. f4 Rxe3 25. Rf3 Re8 26. f5 hxg3 27. Qd2 Rh5 28. Rxg3+ Kf8 29. Rf1 Re5 30. Qg2 Ke7 31. Rg8 Qd7 32. f6+ Ke6 33. Qg4+ Rhf5 34. Rxf5 Rxf5 35. Qe4+ Kxf6 36. Qh4+ Ke5 37. Re8+ Qxe8 38. Qe1+ Kd4 39. Qxe8 b6 40. Qh8+ Re5 41. Qxh7 a4 42. Qxf7 axb3 43. axb3 Rc5 44. Qf3 b5 45. Qf4+ Kc3 46. cxb5 Kxb3 47. b6 cxb6 48. Qxd6 Rc1+ 49. Kf2 b5 50. Qd5+ Kb4 51. Qd2+ Rc3 52. Ke2 Kc4 53. Qa2+ Kc5 54. Qa5 Kc4 55. Qa6 Kc5 56. Kd2 b4 57. Qa5+ Kc4 58. Qa2+ Kb5 59. Qe6 Ka4 60. Qd5 Ka3 61. Qa5+ Kb3 62. Qa1 Kc4 63. Qa4 Kc5 64. Qa6 Ra3 65. Qc8+ Kb5 66. Qd7+ Kc5 67. Kc2 Rc3+ 68. Kb2 Ra3 69. Qf5+ Kc4 70. Qe4+ Kc5 71. Qe7+ Kb5 72. Qd6 Rc3 73. Qd5+ Kb6 74. Qe5 Ra3 75. Qd4+ Kb5 76. Qd5+ Kb6 77. Qc4 Ka5 78. Qc5+ Ka4 79. Qd5 Rc3 80. Qe6 Kb5 81. Qd6 Ka5 82. Qb8 Ka4 83. Qe8+ Ka5 84. Qe5+ Ka4 85. Qd5 Ra3 86. Qc6+ Ka5 87. Qc5+ Ka4 88. Qc4 Ka5 89. Qc5+ 1/2-1/2

[Event "Agria op"]
[Site "Agria Magnisias"]
[Date "2022.06.20"]
[Round "2"]
[White "Bougas, Georgios"]
[Black "Skembris, Spyridon"]
[Result "0-1"]
[WhiteElo "1572"]
[BlackElo "2421"]
[PlyCount "84"]
[EventDate "2022.06.19"]
[EventType "swiss"]
[EventRounds "7"]
[EventCountry "GRE"]
[SourceTitle "EXT 2024"]
[Source "ChessBase"]
[SourceDate "2023.10.10"]
[SourceVersion "1"]
[SourceVersionDate "2023.10.10"]
[SourceQuality "1"]

1. e4 c5 2. Nf3 Nc6 3. d4 cxd4 4. Nxd4 Qb6 5. Nb3 Nf6 6. Nc3 e6 7. Be3 Qc7 8. Bd3 d6 9. 0-0 a6 10. a4 b6 11. f4 Be7 12. Qf3 Bb7 13. Qg3 h5 14. h3 g6 15. Qf2 Nd7 16. Rad1 0-0-0 17. Nd2 Nb4 18. Nc4 Nc5 19. Bd4 f6 20. Rfe1 Rhg8 21. b3 Kb8 22. Bf1 Rd7 23. g3 Rdd8 24. Bg2 g5 25. f5 e5 26. Bxc5 dxc5 27. Ne3 Rxd1 28. Rxd1 c4 29. Qe1 Bc5 30. Kh2 Bxe3 31. Qxe3 Nxc2 32. Qd2 cxb3 33. Nd5 Qd6 34. Qc3 Nd4 35. Ne3 Qc6 36. Qb4 Qc5 37. Qd2 Rc8 38. Nd5 Bxd5 39. exd5 Qc3 40. Qf2 Qb4 41. Rd2 Rc2 42. Rxc2 bxc2 0-1

[Event "Pfalz op-A 11th"]
[Site "Neustadt an der Weinstrasse"]
[Date "2020.02.24"]
[Round "6"]
[White "Trifan, Andrei Ioan"]
[Black "Skembris, Spyridon"]
[Result "1/2-1/2"]
[WhiteElo "2253"]
[BlackElo "2412"]
[PlyCount "144"]
[EventDate "2020.02.21"]
[EventType "swiss"]
[EventRounds "9"]
[EventCountry "GER"]
[SourceTitle "CBM 195 Extra"]
[Source "ChessBase"]
[SourceDate "2020.05.31"]
[SourceVersion "1"]
[SourceVersionDate "2020.05.31"]
[SourceQuality "1"]

1. e4 c5 2. Nf3 Nc6 3. d4 cxd4 4. Nxd4 Qb6 5. Nb3 Nf6 6. Nc3 e6 7. Be3 Qc7 8. a3 a6 9. f4 d6 10. g4 b5 11. g5 Nd7 12. h4 Rb8 13. Qf3 b4 14. axb4 Nxb4 15. Qf2 Nb6 16. h5 d5 17. Bxb6 Qxb6 18. Qxb6 Rxb6 19. 0-0-0 dxe4 20. Bg2 h6 21. gxh6 Rxh6 22. Bxe4 Bd6 23. Ne2 Bd7 24. Nbd4 Rf6 25. Rhf1 a5 26. c3 Na6 27. Bc2 Nc5 28. Rg1 Kf8 29. Rg5 Nb7 30. Rdg1 Rxf4 31. Rxg7 Rh4 32. Rh7 Rh2 33. Rf1 Nd8 34. Bg6 Kg8 35. Rg1 Be5 36. Bd3+ Kf8 37. Nf3 Rxe2 38. Bxe2 Bf6 39. Ng5 Bc6 40. Bd3 Bd5 41. Ne4 Bxe4 42. Bxe4 Nc6 43. h6 Ne7 44. Rf1 Nf5 45. Bxf5 exf5 46. Rxf5 Kg8 47. Rxf6 Rxf6 48. Rg7+ Kf8 49. Rg5 Rxh6 50. Rxa5 Rh2 51. Re5 f6 52. Re3 Kf7 53. c4 f5 54. c5 f4 55. Re4 f3 56. Rf4+ Ke6 57. Rxf3 Kd5 58. Rc3 Kc6 59. Rc2 Rh3 60. Kb1 Rb3 61. Ka2 Rb8 62. Ka3 Rb7 63. Ka4 Rb8 64. Ka3 Rb7 65. Rc1 Ra7+ 66. Kb3 Rb7+ 67. Ka2 Ra7+ 68. Kb1 Ra5 69. b4 Ra4 70. Rc4 Kb5 71. Rd4 Ra3 72. Kc2 Rh3 1/2-1/2

[Event "Pfalz op-A 11th"]
[Site "Neustadt an der Weinstrasse"]
[Date "2020.02.23"]
[Round "5"]
[White "Skembris, Spyridon"]
[Black "Baltic, Fatih"]
[Result "1/2-1/2"]
[WhiteElo "2412"]
[BlackElo "2215"]
[PlyCount "52"]
[EventDate "2020.02.21"]
[EventType "swiss"]
[EventRounds "9"]
[EventCountry "GER"]
[SourceTitle "CBM 195 Extra"]
[Source "ChessBase"]
[SourceDate "2020.05.31"]
[SourceVersion "1"]
[SourceVersionDate "2020.05.31"]
[SourceQuality "1"]

1. c4 e5 2. g3 Nc6 3. Bg2 Bc5 4. e3 d6 5. a3 a6 6. Ne2 Ba7 7. b3 Nge7 8. Bb2 0-0 9. d4 Bf5 10. h3 Qc8 11. Nbc3 exd4 12. exd4 Re8 13. g4 Bg6 14. 0-0 f5 15. g5 Bf7 16. d5 Ne5 17. Nf4 N7g6 18. Nxg6 Nxg6 19. Qd2 f4 20. Ne4 f3 21. Bxf3 Qxh3 22. Qc3 Ne5 23. Bg2 Qg4 24. Qg3 Qxg3 25. Nxg3 Nd3 26. Ra2 Nxb2 1/2-1/2

[Event "Pfalz op-A 11th"]
[Site "Neustadt an der Weinstrasse"]
[Date "2020.02.22"]
[Round "2"]
[White "Terhuven, Patrick"]
[Black "Skembris, Spyridon"]
[Result "0-1"]
[WhiteElo "2208"]
[BlackElo "2412"]
[PlyCount "110"]
[EventDate "2020.02.21"]
[EventType "swiss"]
[EventRounds "9"]
[EventCountry "GER"]
[SourceTitle "CBM 195 Extra"]
[Source "ChessBase"]
[SourceDate "2020.05.31"]
[SourceVersion "1"]
[SourceVersionDate "2020.05.31"]
[SourceQuality "1"]

1. Nf3 c5 2. b3 Nc6 3. Bb2 Nf6 4. c4 e6 5. g3 b6 6. Bg2 Bb7 7. 0-0 Be7 8. Nc3 0-0 9. d4 cxd4 10. Nxd4 a6 11. Rc1 Qb8 12. e4 Rd8 13. Qd2 b5 14. cxb5 Nxd4 15. Qxd4 axb5 16. e5 Bxg2 17. Kxg2 b4 18. Na4 Nd5 19. Rc4 d6 20. exd6 Bf6 21. Qd2 Bxb2 22. Qxb2 Qxd6 23. Rfc1 Qe7 24. Qe5 h6 25. R1c2 Ra7 26. Rc8 Kh7 27. Qb8 Rad7 28. Rxd8 Rxd8 29. Rc8 Rxc8 30. Qxc8 Qf6 31. Qc2+ g6 32. Qe4 Qa1 33. Qe2 Qd4 34. Qf3 Kg7 35. h4 h5 36. Qe2 Kf8 37. Qc2 Ke7 38. Nb2 Nc3 39. Nc4 Qd5+ 40. Kg1 Qf3 41. Ne3 Ne2+ 42. Kf1 Nxg3+ 43. Ke1 Qh1+ 44. Kd2 Ne4+ 45. Kd3 Qxh4 46. Qc7+ Kf8 47. Qb8+ Kg7 48. Qxb4 Nxf2+ 49. Kc3 Qg3 50. Kd2 h4 51. Ke2 Nh3 52. Qc3+ Kg8 53. a4 Nf4+ 54. Kf1 Qf3+ 55. Ke1 Qe2# 0-1

[Event "Spilimbergo op 17th"]
[Site "Spilimbergo"]
[Date "2019.08.12"]
[Round "6"]
[White "Henderson de la Fuente, Lance"]
[Black "Skembris, Spyridon"]
[Result "1/2-1/2"]
[WhiteElo "2487"]
[BlackElo "2413"]
[PlyCount "67"]
[EventDate "2019.08.09"]
[EventType "swiss"]
[EventRounds "9"]
[EventCountry "ITA"]
[SourceTitle "CBM 191 Extra"]
[Source "ChessBase"]
[SourceDate "2019.09.30"]
[SourceVersion "1"]
[SourceVersionDate "2019.09.30"]
[SourceQuality "1"]

1. e4 c5 2. Nf3 Nc6 3. d4 cxd4 4. Nxd4 g6 5. c4 Bg7 6. Be3 Nf6 7. Nc3 0-0 8. Be2 b6 9. f3 Bb7 10. Qd2 Rc8 11. 0-0-0 Na5 12. b3 d6 13. Kb1 Nc6 14. g4 a6 15. h4 Nd7 16. h5 Nxd4 17. Bxd4 Bxd4 18. Qxd4 Nc5 19. Nd5 f6 20. h6 g5 21. b4 Nd7 22. Rhg1 Rf7 23. f4 gxf4 24. g5 e5 25. Qf2 fxg5 26. Bh5 Bxd5 27. cxd5 Rf6 28. Rxg5+ Kh8 29. Rdg1 Rxh6 30. Bf7 Nf6 31. Qg2 Qf8 32. Be6 Rb8 33. Kc1 Rh5 34. Rg7 1/2-1/2

[Event "Spilimbergo op 17th"]
[Site "Spilimbergo"]
[Date "2019.08.11"]
[Round "4"]
[White "Skembris, Spyridon"]
[Black "Vetoshko, Volodymyr"]
[Result "1/2-1/2"]
[WhiteElo "2413"]
[BlackElo "2495"]
[PlyCount "33"]
[EventDate "2019.08.09"]
[EventType "swiss"]
[EventRounds "9"]
[EventCountry "ITA"]
[SourceTitle "CBM 191 Extra"]
[Source "ChessBase"]
[SourceDate "2019.09.30"]
[SourceVersion "1"]
[SourceVersionDate "2019.09.30"]
[SourceQuality "1"]

1. c4 Nf6 2. Nf3 e6 3. g3 d5 4. Bg2 dxc4 5. Qa4+ c6 6. Qxc4 b5 7. Qc2 Bb7 8. b3 Nbd7 9. Bb2 Be7 10. Nc3 a6 11. a4 Qb6 12. 0-0 0-0 13. Ne4 Nxe4 14. Qxe4 c5 15. Qc2 Bf6 16. Bxf6 Nxf6 17. Rfc1 1/2-1/2

[Event "Kanoni Easter op 1st"]
[Site "Kanoni"]
[Date "2019.05.03"]
[Round "6"]
[White "Gouloutis, Nikolaos"]
[Black "Skembris, Spyridon"]
[Result "1/2-1/2"]
[WhiteElo "2361"]
[BlackElo "2395"]
[PlyCount "120"]
[EventDate "2019.04.29"]
[EventType "swiss"]
[EventRounds "9"]
[EventCountry "GRE"]
[SourceTitle "CBM 190 Extra"]
[Source "ChessBase"]
[SourceDate "2019.07.15"]
[SourceVersion "1"]
[SourceVersionDate "2019.07.15"]
[SourceQuality "1"]

1. d4 Nf6 2. c4 e6 3. Nc3 d5 4. cxd5 exd5 5. Bg5 c6 6. e3 Nbd7 7. Bd3 Bd6 8. Qc2 Nf8 9. Nge2 Ng6 10. Ng3 h6 11. Bxf6 Qxf6 12. Nh5 Qg5 13. Nxg7+ Kf8 14. Nf5 Bxf5 15. Bxf5 Nh4 16. g4 h5 17. h3 Rh6 18. 0-0-0 Nxf5 19. gxf5 Rf6 20. Ne2 Qxf5 21. Qxf5 Rxf5 22. f4 Rf6 23. Rhf1 Re8 24. Rd3 Rg6 25. Rf3 h4 26. a3 Rg2 27. Kd2 Ke7 28. Ke1 Rh2 29. Rf2 Rxh3 30. Rg2 Rh1+ 31. Rg1 Rh2 32. Kf1 Kf6 33. Rg2 Rh1+ 34. Rg1 Rxg1+ 35. Kxg1 Kf5 36. Kf2 Rg8 37. Rd1 Be7 38. Kf3 Ke6 39. Rh1 f5 40. Rc1 a5 41. Rh1 b6 42. Kf2 c5 43. Kf3 Bf6 44. Rc1 Kd6 45. a4 Rg7 46. b3 Rg8 47. Rc2 Rc8 48. Rc1 Ke6 49. Kf2 Kd7 50. Kf3 Rc6 51. Rc2 Be7 52. dxc5 bxc5 53. Rd2 Ke6 54. Nc3 Rd6 55. Nb5 Rd7 56. Rd1 Kf7 57. Ke2 Rd8 58. Kf3 Rd7 59. Ke2 Bd8 60. Rc1 Be7 1/2-1/2

[Event "Staufer op 31st"]
[Site "Schwaebisch Gmuend"]
[Date "2019.01.05"]
[Round "8"]
[White "Skembris, Spyridon"]
[Black "Stillger, Bernhard"]
[Result "1-0"]
[WhiteElo "2386"]
[BlackElo "2233"]
[PlyCount "113"]
[EventDate "2019.01.02"]
[EventType "swiss"]
[EventRounds "9"]
[EventCountry "GER"]
[SourceTitle "CBM 188 Extra"]
[Source "ChessBase"]
[SourceDate "2019.02.26"]
[SourceVersion "1"]
[SourceVersionDate "2019.02.26"]
[SourceQuality "1"]

1. c4 c5 2. g3 g6 3. Nf3 Bg7 4. d4 cxd4 5. Nxd4 Nc6 6. Nc2 d6 7. Bg2 Be6 8. Ne3 Qd7 9. h4 h5 10. Nd2 Rc8 11. Rb1 Nf6 12. b3 Ne5 13. Bb2 0-0 14. 0-0 Bh3 15. Bxe5 dxe5 16. Ne4 Qxd1 17. Nxf6+ Bxf6 18. Rfxd1 Bxg2 19. Kxg2 Rfd8 20. Nd5 Kg7 21. Rd3 e6 22. Nxf6 Kxf6 23. Rbd1 Rxd3 24. Rxd3 Ke7 25. Kf3 f5 26. Ke3 e4 27. Rd4 e5 28. Rd5 Ke6 29. a4 a6 30. Kd2 Rf8 31. e3 f4 32. gxf4 exf4 33. Rg5 fxe3+ 34. Kxe3 Rf3+ 35. Kxe4 Rxb3 36. Rxg6+ Kf7 37. Rh6 Rb4 38. Kd5 Kg8 39. a5 Ra4 40. Rb6 Rxa5+ 41. Kd4 Rf5 42. Rxb7 Rxf2 43. c5 Rc2 44. Kd5 Kf8 45. Rb6 Ke8 46. Rxa6 Rh2 47. Ke6 Kd8 48. Kd6 Kc8 49. Ra4 Kb8 50. Rb4+ Kc8 51. Rf4 Kb8 52. Kc6 Rg2 53. Rf8+ Ka7 54. Rh8 Rg6+ 55. Kb5 Rg1 56. Rxh5 Rb1+ 57. Kc6 1-0

[Event "Staufer op 31st"]
[Site "Schwaebisch Gmuend"]
[Date "2019.01.04"]
[Round "5"]
[White "Herbrig, Alexander"]
[Black "Skembris, Spyridon"]
[Result "1-0"]
[WhiteElo "2271"]
[BlackElo "2386"]
[PlyCount "113"]
[EventDate "2019.01.02"]
[EventType "swiss"]
[EventRounds "9"]
[EventCountry "GER"]
[SourceTitle "CBM 188 Extra"]
[Source "ChessBase"]
[SourceDate "2019.02.26"]
[SourceVersion "1"]
[SourceVersionDate "2019.02.26"]
[SourceQuality "1"]

1. c4 e5 2. Nc3 Nf6 3. Nf3 Nc6 4. e4 d6 5. h3 g6 6. d3 Bg7 7. Bg5 h6 8. Be3 Nd7 9. g3 Nc5 10. a3 Nd4 11. Bxd4 exd4 12. Ne2 Bd7 13. Rb1 Ne6 14. Bg2 a5 15. b3 0-0 16. 0-0 c6 17. Nd2 f5 18. f4 Nc5 19. exf5 Bxf5 20. Ne4 Bxe4 21. dxe4 Re8 22. Nxd4 Nxe4 23. Bxe4 Rxe4 24. Nf3 Qe7 25. Qd3 Kh7 26. Rbe1 Re8 27. Rxe4 Qxe4 28. Qxe4 Rxe4 29. Re1 Rxe1+ 30. Nxe1 Bd4+ 31. Kg2 Kg7 32. Kf3 Kf6 33. Nc2 Bc5 34. Ke4 h5 35. g4 hxg4 36. hxg4 Ke6 37. Nd4+ Kf6 38. a4 Bxd4 39. Kxd4 g5 40. Ke4 Kg6 41. Kf3 Kf6 42. fxg5+ Kxg5 43. Kg3 Kg6 44. Kf4 Kf6 45. g5+ Kg6 46. Kg4 d5 47. cxd5 cxd5 48. Kf4 d4 49. Ke4 Kxg5 50. Kxd4 Kf4 51. Kc5 Ke4 52. Kb6 Kd4 53. Kxb7 Kc3 54. Ka6 Kb4 55. Kb6 Kxb3 56. Kxa5 Kc4 57. Kb6 1-0